Southville International School and Colleges
Your cart is empty.
  • Cart
  • Lists
    Public lists Eva Luna New books Lux_list list_1
    Your lists Log in to create your own lists
  • Log in to your account
  • Your cookies
  • Search history
Southville International School and Colleges
  • Advanced search
  • Recent comments
  • Most popular
  • Libraries

Log in to your account

Log in with GOOGLE


If you do not have an external account, but do have a local account, you can still log in:

  1. Home
  2. MARC view: Understand humanism /
Normal view MARC view ISBD view

Understand humanism / (Record no. 117757)

[ view plain ]
MARC details
000 -LEADER
fixed length control field 00537nam a2200181Ia 4500
003 - CONTROL NUMBER IDENTIFIER
control field PILC
005 - DATE AND TIME OF LATEST TRANSACTION
control field 20160128151353.0
008 - FIXED-LENGTH DATA ELEMENTS--GENERAL INFORMATION
fixed length control field 140529s9999 xx 000 0 und d
020 ## - INTERNATIONAL STANDARD BOOK NUMBER
International Standard Book Number 9780071747622
050 ## - LIBRARY OF CONGRESS CALL NUMBER
Classification number B 105.H8
Item number .V598 2010
100 ## - MAIN ENTRY--PERSONAL NAME
Personal name Vernon, Mark.
245 ## - TITLE STATEMENT
Title Understand humanism /
Statement of responsibility, etc Mark Vernon ; foreword by Philip Pullman
260 ## - PUBLICATION, DISTRIBUTION, ETC. (IMPRINT)
Place of publication, distribution, etc London :
Name of publisher, distributor, etc Teach Yourself,
Date of publication, distribution, etc 2010.
300 ## - PHYSICAL DESCRIPTION
Extent 252 pages ;
Dimensions 20 cm.
500 ## - GENERAL NOTE
General note Includes bibliographical references and index.
942 ## - ADDED ENTRY ELEMENTS (KOHA)
Call number prefix Foreign
Koha item type Books
Source of classification or shelving scheme Library of Congress Classification
Holdings
Withdrawn status Lost status Source of classification or shelving scheme Damaged status Home library Current library Shelving location Date acquired Source of acquisition Cost, normal purchase price Total Checkouts Total Renewals Full call number Barcode Date last seen Date checked out Price effective from Koha item type
    Library of Congress Classification   College Library College Library General Circulation Section 05/30/2014 Donation 870.00 1 1 B 105.H8 .V598 2010 C16772 11/05/2019 10/21/2019 05/30/2014 Books

Understand humanism /

APA

Vernon M., . (2010). Understand humanism. London: Teach Yourself.

Chicago

Vernon Mark, . 2010. Understand humanism. London: Teach Yourself.

Harvard

Vernon M., . (2010). Understand humanism. London: Teach Yourself.

MLA

Vernon Mark, . Understand humanism. London: Teach Yourself. 2010.

  • Place hold
  • Print
  • Cite
  • Add to your cart (remove)
  • Save record
    BIBTEX Dublin Core MARCXML MARC (non-Unicode/MARC-8) MARC (Unicode/UTF-8) MARC (Unicode/UTF-8, Standard) MODS (XML) RIS
  • More searches
    Search for this title in:
    Other Libraries (WorldCat) Other Databases (Google Scholar) Online Stores (Bookfinder.com) Open Library (openlibrary.org)

Exporting to Dublin Core...

SOUTHVILLE LIBRARY

Southville International School and Colleges Library

1281 Tropical Ave. Cor. Luxembourg St., BF Homes International, Las Pinas City

Tel. No. 8256374 / 252358 Loc. 117/146

Powered by Koha